Govt. of
Madhya Pradesh

The Meaning of Art (Record no. 7472)

MARC details
000 -LEADER
fixed length control field 002930000a22001450004500
003 - CONTROL NUMBER IDENTIFIER
control field MACL
040 ## - CATALOGING SOURCE
Original cataloging agency MACL
090 ## - LOCALLY ASSIGNED LC-TYPE CALL NUMBER (OCLC); LOCAL CALL NUMBER (RLIN)
-- 7520
-- 7519
100 ## - MAIN ENTRY--PERSONAL NAME
Personal name Tagore, Ravindranath
245 ## - TITLE STATEMENT
Title The Meaning of Art
260 ## - PUBLICATION, DISTRIBUTION, ETC. (IMPRINT)
Name of publisher, distributor, etc. Lalit kala Akademi
350 ## - PRICE (NR) (BK AM CF MU VM SE) [OBSOLETE]
Price 2.50
650 ## - SUBJECT ADDED ENTRY--TOPICAL TERM
Topical term or geographic name as entry element Arts
942 ## - ADDED ENTRY ELEMENTS (KOHA)
Koha item type Library Membar
Call number prefix 700
Holdings
Withdrawn status Lost status Damaged status Not for loan Home library Current library Date acquired Total Checkouts Full call number Barcode Date last seen Uniform Resource Identifier Price effective from Koha item type
        MACL MACL 15/04/2015   700 BOOK CRE1092 29/04/2015 7401 15/04/2015 Books